| 000 | 00527nam a22001577a 4500 | ||
|---|---|---|---|
| 003 | macl | ||
| 005 | 20201216133957.0 | ||
| 008 | 201216b xxu||||| |||| 00| 0 eng d | ||
| 040 | _cmacl | ||
| 082 | _a800/SHA | ||
| 100 |
_aसाहा, डॉ .पंकज _980789 |
||
| 245 | _aहिन्दी उपन्यास में किसान | ||
| 260 |
_aकोलकाता _bमानव प्रकाशन _c2015 |
||
| 650 |
_aउपन्यास साहित्य _9100 |
||
| 942 |
_2ddc _cHIN |
||
| 999 |
_c64037 _d64037 |
||